Generator Puzzle #21 - Statistics

General Stats
  • This quiz has been taken 1,060 times
  • The average score is 14 of 21
Answer Stats
Hint Answer % Correct
Fraction of a dollar Cent
93%
Actor Eastwood Clint
93%
Segment of a cake Slice
90%
Lend an ear? Listen
86%
Fraction of a foot Inch
84%
Lawyer's customer Client
83%
South American nation Chile
81%
At that time Then
81%
Glow brightly Shine
80%
Treasure box Chest
79%
High-profile robbery Heist
73%
Element (Atomic No. 30) Zinc
70%
Pleasant smell Scent
69%
The highest point Zenith
59%
Policeman's informant Snitch
56%
Star Wars antagonists Sith
47%
Extremely foul smell Stench
47%
Set of moral principles Ethic
36%
At the home of (French) Chez
35%
Wood-cutting tool Chisel
33%
9-Letter Word SCHNITZEL
26%
No matching quizzes found
Score Distribution
Percent of People with Each Score
Percentile by Number Answered
Your Score History
You have not taken this quiz